000 00763nam a2200205Ia 4500
003 GCL
008 140319s9999 xx 000 0 ara d
040 _aGCL /
_cGCL
082 0 4 _a258.5
_bك ن
100 1 _aمحمد احمد عبدالعزيز
245 1 0 _aالنهاية فى الفتن والملاحم /
_cمحمد احمد عبدالعزيز
700 1 _aابن كثير القرشى : عماد الدين ابوالفداء اسماعيل بن عمر بن كثير بن ضوء البصرى الدمشقى
260 _aبيروت :
_bدار الجيل ،
_c1988
300 _a440 ص ؛
_c24 سم
490 _a
650 0 4 _aالاسلام
650 0 4 _aالفقه الاسلامى
650 0 4 _aالمذاهب الفقهية
942 _2ddc
_cBK
999 _c53203
_d53203